000
00284nam a22001337a 4500
008
190306b xxu||||| |||| 00| 0 eng d
020
_a
2740230554321
041
_a
eng
080
_a
371
100
_a
25
101
_a
EDU
245
_a
Leadership
_c
Northouse, P.G
942
_2
udc
_c
BK
999
_c
54651
_d
54651